Guess the Taylor Swift Song with No Hints - 8 - Statistics

General Stats
  • This quiz has been taken 59 times
  • The average score is 272 of 310
Answer Stats
Answer % Correct
a
100%
I
100%
if
100%
And
98%
it
98%
me?
98%
me
98%
me,
98%
We
98%
we
98%
when
98%
(when
98%
you
98%
you,
98%
You
98%
(you
98%
the
95%
at
93%
be
93%
hear
93%
in
93%
of
93%
on
93%
so
93%
to
93%
are
91%
go
91%
how
91%
my
91%
never
91%
wear
91%
what
91%
your
91%
can
89%
did
89%
for
89%
have
89%
home
89%
I'm
89%
just
89%
know
89%
Look
89%
tears
89%
that
89%
too
89%
want
89%
want,
89%
was
89%
why
89%
you're
89%
All
86%
anywhere
86%
Anywhere
86%
As
86%
But
86%
but
86%
can't
86%
dead
86%
miss
86%
not
86%
ricochet
86%
same
86%
still
86%
this
86%
wake?
86%
with
86%
worst
86%
you'll
86%
blood
84%
Cursing
84%
cursing
84%
day,
84%
day
84%
didn't
84%
Even
84%
grace
84%
I'd
84%
loved
84%
myself
84%
name,
84%
night
84%
up,
84%
will
84%
ashes
82%
babe
82%
deserve,
82%
dying
82%
had
82%
kill
82%
lullabies)
82%
made
82%
room
82%
sleep
82%
stayed
82%
stolen
82%
talk
82%
wishing
82%
would
82%
'Cause
80%
fears
80%
fire,
80%
gave
80%
heart,
80%
hell
80%
here,
80%
into
80%
killed
80%
knowing
80%
out
80%
sky)
80%
swear
80%
tell
80%
'Til
80%
around,
77%
fight,
77%
gather
77%
hero
77%
mean
77%
Some
77%
some
77%
turned
77%
used
77%
brave
75%
face
75%
flying
75%
make
75%
ring
75%
saving
75%
screaming
75%
stones,
75%
they'll
75%
throw,
75%
bones
73%
diamond
73%
drunk
73%
ghostly
73%
line
73%
scene
73%
sunlit
73%
beneath
70%
haunt
70%
jewels
70%
sink
70%
bury
68%
good
66%
pain
66%
waves
66%
battleships
64%
years
64%
blame,
61%
tossing
61%
aim
59%
weepin'
55%
Crossing
48%
No matching quizzes found
Score Distribution
Percent of People with Each Score
Percentile by Number Answered
Your Score History
You have not taken this quiz